1631 1215 1495 1218 1559 1122 1561 1912 1453 1550 1215 1151 1151 1043 1382 1768 1698 1278 1213 1819 1056 1113 1327 1281 1224 1549 1078 1629 1821 1918 1662 1215 1669 1552 1990 1655 1310 1664 1794 1417 1777 1458 1667 1085 1761 1690 1688 1782 1398 1238 1703 1434 1661 1650 1042 1474 1033 1676 1020 1188 1764 1203 1783 1808 1318 1569 1939 1033 1099 1054 1751 1962 1460 1485 1398 1261 1551 1613 1450 1515 1466 1789 1085 1003 1505 1328 1586 1039 1927 1527 1197 1486 1252 1082 1519 1470 1681 1388 1080 BCNSPRNW ULIB Ver.6.0+V

เปลี่ยนเป็นภาษาไทย

Change to English
 แสดงรายละเอียดบรรณานุกรม
  กลับหน้าหลัก

Brief Record : Get Marc (ISO 2709) : E-mail record : QR code < ปิดหน้าต่าง
LEADER : 00000nam 2200000uu 4500
001    13399115262
003     ULIB
008    120809s2554||||th 000 0 tha d
020    ^a9789743509728
060  4 ^aWD220^bป525ป
100 0  ประไพพิมพ์ ธีรคุปต์
245 00 ^aปัญหาสารน้ำ อิเล็กโทรไลต์และโรคไตในเด็ก /^cบรรณาธิการ ประไพพิมพ์ ธีรคุปต์ ... [และคนอื่นๆ]
250    ^aพิมพ์ครั้งที่ 1ฉบับเรียบเรียงครั้งที่ 4
260    ^aกรุงเทพฯ :^bชมรมโรคไตเด็กแห่งประเทศไทย,^c2554
300    ^ax, 460 หน้า :^bภาพประกอบ
650  7 ^aไต, โรค^xในวัยทารกและเด็ก
650  7 ^aน้ำ-อีเล็คทรอลัยท์สมดุล^xในวัยทารกและเด็ก
650  7 ^aน้ำ-อีเล็คทรอลัยท์ไม่สมดุล^xในวัยทารกและเด็ก
650  7 ^aกุมารเวชศาสตร์
700 0  ^aกาญจนา ตั้งนรารัชชกิจ,^eบรรณาธิการ
700 0  อนิรุธ ภัทรากาญจน์,^eบรรณาธิการ
700 0  พรพิมล เรียนถาวร,^eบรรณาธิการ
945    ^p680^l0^i19179
945    ^p680^l0^i19935
995    ^aทศพร
999 ^a ใช้งานได้ทุกระบบ
รายการนี้ยังไม่มีแท็ก
คุณยังไม่ได้ล็อกอิน คุณสามารถมีกิจกรรมร่วมกับเว็บไซต์ได้ แต่ต้องล็อกอินก่อน ::
  ล็อกอิน

รายการสื่อสารสนเทศ

ลำดับที่ ประเภท เลขเรียก/บาร์โค้ด สถานที่ สถานะ
1. วิทยาศาสตร์การแพทย์ และสุขภาพ
วิทยาศาสตร์การแพทย์ และสุขภาพ
สถานะ=หนังสือเก่า
WD220 ป525ป  
  Barcode: 19179
ห้องสมุดวิทยาเขตนครสวรรค์
►ส่วนจัดเก็บหนังสือเก่า นว.
บนชั้น
  ขอยืม
2. วิทยาศาสตร์การแพทย์ และสุขภาพ
วิทยาศาสตร์การแพทย์ และสุขภาพ
สถานะ=หนังสือเก่า
WD220 ป525ป ฉ.2 
  Barcode: 19935
ห้องสมุดวิทยาเขตนครสวรรค์
►ส่วนจัดเก็บหนังสือเก่า นว.
บนชั้น
  ขอยืม

รายการใกล้เคียง
    ผู้แต่ง [ประไพพิมพ์ ธีรคุปต์]

    หัวเรื่อง [กุมารเวชศาสตร์]

BibComment


ยังไม่เคยถูกคอมเมนท์

คอมเมนท์ทรัพยากรรายการนี้
  คอมเมนท์: ปัญหาสารน้ำ อิเล..


 Copyright 2026. Bcnsprnw @Library